VSI ancient warfare
Saved in:
| Main Author: | |
|---|---|
| Format: | Book |
| Tags: |
Add Tag
No Tags, Be the first to tag this record!
|
| Call Number : |
MARC
| LEADER | 00000pam a2200000 4500 | ||
|---|---|---|---|
| 001 | 22734 | ||
| 003 | MY-KLNDU | ||
| 005 | 20241218081031.0 | ||
| 020 | 0 | 0 | |a 9780192804707 |
| 035 | |a 0000036836 | ||
| 039 | 9 | |a 200911181409 |b VLOAD |c 200911181230 |d VLOAD |y 200910091718 |z VLOAD | |
| 100 | 0 | 0 | |a Side Bottom |
| 245 | 0 | 0 | |a VSI |b ancient warfare |
| 591 | |a 0000007527 |b 13/02/09 |c 0198-07 |d 1 |e RM32.89 |f 1 |g 32.89 |h Pustaka Darul Warisan Sdn. Bhd. | ||
| 592 | |a 00002343 |b 10/07/09 |c RM29.9 |d 1 |e 29.9 | ||
| 999 | |a vtls000032209 |c 22734 |d 22734 | ||